000 00452nam a2200181Ia 4500
001 43415
008 140425s9999 xx 000 0 und d
020 _aNA
040 _cPK-LaUMT
082 _aRHC 891.4398
_bATE-U
100 _aAteeq Ahmad
245 _aUrdu adab mein ehtijaaj (Urdu)
_cAteeq Ahmad
260 _aLahore,Pakistan:
_bMaktabah Aliya,
_c1987
300 _a192 p.
546 _aUR
650 _aPakistan literature-Urdu
942 _cBK
999 _c41425
_d41425